Great writing 3 : From great paragraphs to great essays
The Great Writing series uses clear explanations and extensive practical activities to help students write great sentences, paragraphs, and essays. Each book contains a wide variety of writing models in carefully selected rhetorical styles that provide practice in working with the writing process to...
Salvato in:
| Autore principale: | |
|---|---|
| Altri autori: | , |
| Natura: | Libro |
| Lingua: | Vietnamese |
| Pubblicazione: |
Boston
Cengage Learning
2010
|
| Edizione: | 2nd ed |
| Soggetti: | |
| Tags: |
Aggiungi Tag
Nessun Tag, puoi essere il primo ad aggiungerne! !
|
| Thư viện lưu trữ: | Thư viện Trường Đại học Nam Cần Thơ |
|---|
| LEADER | 01358nam a22002297a 4500 | ||
|---|---|---|---|
| 001 | NCT_147302 | ||
| 008 | 230405b xxu||||| |||| 00| 0 vie d | ||
| 999 | |c 7587 |d 7587 | ||
| 020 | |c 232000 | ||
| 082 | 0 | 4 | |2 23rd ed. |a 808.042 |b F671 |
| 100 | 1 | |a Folse, Keith S. | |
| 245 | 1 | 0 | |a Great writing 3 : |b From great paragraphs to great essays |c Keith S. Folse, Elena Vestri Solomon, David Clabeaux |
| 250 | |a 2nd ed | ||
| 260 | |a Boston |b Cengage Learning |c 2010 | ||
| 300 | |a 268 p |b ill. |c 28 cm | ||
| 520 | 3 | |a The Great Writing series uses clear explanations and extensive practical activities to help students write great sentences, paragraphs, and essays. Each book contains a wide variety of writing models in carefully selected rhetorical styles that provide practice in working with the writing process to develop a final piece of writing. Great Essays takes a step-by-step approach that centers on the essential processes and organizational strategies of teaching students how to effectively transition from paragraphs to essays. | |
| 653 | |a Ngôn ngữ Anh | ||
| 700 | 1 | |a Solomon, Elena Vestri | |
| 700 | 1 | |a Clabeaux, David | |
| 942 | |2 ddc |c BK | ||
| 952 | |0 0 |1 0 |2 ddc |4 0 |6 808_042000000000000_F671 |7 0 |9 27317 |a 000001 |b 000001 |d 2023-04-05 |o 808.042 F671 |p MD.21264 |r 2023-04-05 |v 232000.00 |w 2023-04-05 |y BK | ||
| 980 | |a Thư viện Trường Đại học Nam Cần Thơ | ||